000 00197nam a2200073Ia 4500
008 170524s9999 xx 000 0 und d
100 _aFITZSIMMONS
245 0 _aSERVICES MANAGEMENT FOR COMPUTER ADVAN.
260 _bPEARSON EDUCATION
999 _c7966
_d7966